MS DOS/PC DOS 5 quick reference manual (Record no. 68094)

000 -LEADER
fixed length control field 00476nam a22001817a 4500
003 - CONTROL NUMBER IDENTIFIER
control field NUST - PNEC
005 - DATE AND TIME OF LATEST TRANSACTION
control field 20170116181041.0
008 - FIXED-LENGTH DATA ELEMENTS--GENERAL INFORMATION
fixed length control field 150922b xxu||||| |||| 00| 0 eng d
020 ## - INTERNATIONAL STANDARD BOOK NUMBER
International Standard Book Number 981214000X
040 ## - CATALOGING SOURCE
Transcribing agency LIBRARY
082 ## - DEWEY DECIMAL CLASSIFICATION NUMBER
Classification number 005.446 TEC
100 ## - MAIN ENTRY--PERSONAL NAME
9 (RLIN) 11587
Personal name Tech Editors
245 ## - TITLE STATEMENT
Title MS DOS/PC DOS 5 quick reference manual
Statement of responsibility, etc. Tech Editors
250 ## - EDITION STATEMENT
Edition statement -
260 ## - PUBLICATION, DISTRIBUTION, ETC.
Date of publication, distribution, etc. c.1992
650 ## - SUBJECT ADDED ENTRY--TOPICAL TERM
9 (RLIN) 11590
Topical term or geographic name entry element Operating systems (Computers)
General subdivision MIS, Computer
942 ## - ADDED ENTRY ELEMENTS (KOHA)
Source of classification or shelving scheme
Koha item type Book
Holdings
Withdrawn status Lost status Source of classification or shelving scheme Damaged status Not for loan Permanent Location Current Location Shelving location Date acquired Total Checkouts Full call number Barcode Date last seen Price effective from Koha item type
          Pakistan Navy Engineering College (PNEC) Pakistan Navy Engineering College (PNEC)       005.446 TEC PNECLIB-017045 09/22/2015   Book
          Pakistan Navy Engineering College (PNEC) Pakistan Navy Engineering College (PNEC)       005.446 TEC PNECLIB-017046 09/22/2015   Book
          Pakistan Navy Engineering College (PNEC) Pakistan Navy Engineering College (PNEC)       005.446 TEC PNECLIB-017047 09/29/2015   Book
          Pakistan Navy Engineering College (PNEC) Pakistan Navy Engineering College (PNEC)       005.446 TEC PNECLIB-017044 10/02/2015   Book
          Pakistan Navy Engineering College (PNEC) Pakistan Navy Engineering College (PNEC)       005.446 TEC PNECLIB-017048 10/02/2015   Book
© 2023 Central Library, National University of Sciences and Technology. All Rights Reserved.